Statistics for 岡山駅から出ている鉄道の列車の行き先

Click here to take the quiz!

General Stats

  • This quiz has been taken 60 times
  • The average score is 39 of 49

Answer Stats

HintAnswer% Correct
東海道新幹線東京
100%
山陽新幹線新大阪
100%
山陽本線福山
100%
山陽新幹線広島
100%
東海道本線東京
100%
山陽本線姫路
100%
東海道新幹線名古屋
98%
山陽新幹線博多
98%
九州新幹線熊本
96%
九州新幹線鹿児島中央
96%
赤穂線播州赤穂
94%
予讃線高松
94%
山陰本線出雲市
92%
土讃線高知
92%
赤穂線津山
92%
山陽本線三原
92%
山陽新幹線三原
92%
山陽本線相生
92%
予讃線松山
90%
高徳線徳島
90%
山陽本線倉敷
90%
宇野線宇野
88%
本四備讃線児島
88%
伯備線備中高梁
85%
山陽本線上郡
83%
伯備線新見
83%
伯備線総社
81%
吉備線総社
81%
山陽本線糸崎
79%
宇野線茶屋町
77%
山陰本線米子
75%
福塩線府中
73%
因美線鳥取
71%
山陽本線和気
69%
赤穂線西大寺
69%
山陽本線瀬戸
67%
山陽本線金光
67%
山陽本線万富
65%
山陽本線三石
65%
予讃線伊予西条
63%
赤穂線日生
63%
赤穂線備前片上
60%
山陽本線吉永
52%
吉備線備中高松
50%
赤穂線長船
50%
岡山電気軌道東山・おかでんミュージアム駅
46%
宇野線備前西市
40%
津山線福渡
38%
岡山電気軌道清輝橋
35%

Score Distribution

Percentile by Number Answered

Percent of People with Each Score

Your Score History

You have not taken this quiz